000 00452nam a22001817a 4500
005 20240712065439.0
008 240712b |||||||| |||| 00| 0 eng d
020 _a0415901499
082 _222
_a2430
_bMIC
100 _aFoucault, Michel
245 _aPolitics Philosophy culture
_cMichel, Foucault
260 _aLondon
_bRoutledge
_c1988
300 _axxv, 330 p .,
650 _apolitical
650 _aPhilosophy
650 _aCulture
942 _cL
999 _c5909
_d5909